Genética cuantitativa ii : selección /
Guardado en:
| Autor Principal: | |
|---|---|
| Formato: | Libro |
| Publicado: |
Córdoba :
Universidad Nacional de Córdoba : Facultad de Ciencias agropecuarias,
1985
|
| Materias: | |
| Etiquetas: |
Agregar Etiqueta
Sin Etiquetas, Sea el primero en etiquetar este registro!
|
| LEADER | 00836nam a22001815a 4500 | ||
|---|---|---|---|
| 001 | CEM.cems017493 | ||
| 005 | 20110516150713.0 | ||
| 008 | 130507s1985##################000#0#####d | ||
| 003 | CEMS | ||
| 082 | 0 | 4 | |a 576.5 |
| 100 | 1 | |a Hiorth, Gunnar Eilert | |
| 245 | 1 | 0 | |a Genética cuantitativa ii : |b selección / |c Gunnar Eilert Hiorth |
| 260 | |a Córdoba : |b Universidad Nacional de Córdoba : |b Facultad de Ciencias agropecuarias, |c 1985 | ||
| 300 | |a 248 p. | ||
| 505 | 0 | |a Estadística biológica. Conceptos fundamentales -- Estadística biológica. Análisis de varianza -- Genética biométrica -- Principios de selección -- Selección en plantas autógamas -- Selección en plantas alógamas -- La selección heterótica | |
| 653 | |a Genética | ||
| 653 | |a Genética cuantitativa | ||
| 859 | |a CEMS |b BIB. CEMS - Agricultura |h 576.5 |i H61 |p A1276.11 |t Ej.1 |v II |3 II | ||
